| 000 | 003400000a22001090004500 | ||
|---|---|---|---|
| 090 |
_aAS _bSeriadas |
||
| 245 | 1 | 0 | _aNotas a la flora de Colombia, III |
| 041 | 0 | _aEspañol | |
| 100 | 1 |
_aCuatrecasas, José _911935 |
|
| 942 | _cARTICULO | ||
| 773 | 1 |
_tRevista de la Academia Colombiana de Ciencias Exactas, Físicas y Naturales _h14 _q158-169 _d1941 _g4 |
|
| 999 |
_c15506 _d15506 |
||